Statistics for Three Biggest Cities by Indo-Aryan Speaking Country on a Map

Click here to take the quiz!

General Stats

  • This quiz has been taken 109 times
  • The average score is 16 of 24

Answers on the Map

Answers color-coded by a green-red scale on the quiz's map according to % correct below.
 

Answer Stats

PopCity% Correct
16.3 mDelhi
100%
18.9 mDhaka
100%
8.69 mTehran
99%
2.32 mColombo
98%
4.27 mKabul
98%
20.7 mMumbai
98%
16.1 mKarachi
96%
14.1 mKolkata
96%
11.1 mLahore
94%
2.50 mKathmandu
88%
6.02 mChittagong
82%
846 kDushanbe
79%
1.96 mIsfahan
74%
3.00 mMashhad
67%
614 kKandahar
62%
3.20 mFaisalabad
58%
436 kHerat
55%
2.00 mKhulna
33%
125 kKandy
32%
403 kPokhara
31%
182 kKhujand
17%
142 kNegombo
14%
110 kBokhtar
13%
281 kBharatpur
12%

Score Distribution

Percentile by Number Answered

Percent of People with Each Score

Your Score History

You have not taken this quiz